| 000 | 01356nam a2200253Ia 4500 | ||
|---|---|---|---|
| 999 |
_c36851 _d36851 |
||
| 001 | 2799 | ||
| 003 | GE_BSU | ||
| 005 | 20260325145329.0 | ||
| 008 | 181216s2002|||| |||||||||||||| ||geo|| | ||
| 040 | _cGE_BSU | ||
| 041 | _ageo | ||
| 080 | _a339.138(075.8) ყ-24 | ||
| 100 |
_aყამარაული, სულიკო _9695 |
||
| 245 |
_aმარკეტინგი = Marketing : _bსახელმძღვ . უმაღლ . სასწ . სტუდ / _cსულიკო ყამარაული , |
||
| 264 |
_aთბილისი :. _bმეცნიერება , _c2002. |
||
| 300 |
_a510 გვ ; _c20 სმ. |
||
| 504 | _a ბიბლიოგრ.: გვ. 498 | ||
| 546 | _aინგლ. ენაზე | ||
| 653 | _aმარკეტინგის სახელმძღვანელოები უმაღლესი სასწავლებლებისათვის; | ||
| 653 | _aეკონომიკა | ||
| 653 | _aMarketing | ||
| 711 |
_a ჰუმანიტარულ-ეკონომიკური ფალულტეტი. აგროსამრეწველო კომპლექსის ეკონომიკის, ორგანიზაციისა და მერკეტინგის კათედრა. _927205 |
||
| 942 |
_cBK _2udc |
||